000 00759nam a2200217Ii 4500
003 JO-AjNU
008 230605s9999||||xx |||||||||||||| ||und||
017 _a2003/12/2641
040 _aJO-AjNU
_bara
_erda
_cJO-AjNU
041 _aara
050 1 4 _aRZ440 2004
100 3 _aإعداد: غبره، رياض أجود,
_eauthor
_97141
245 0 0 _aالتداوي بالحجامة : علم-طب- وقاية-علاج عرض لفوائدها وكيفية اجرائها
250 _aط1
264 3 1 _aعمان: دار الاسراء للنشر والتوزيع، 2004
300 _a88ص
336 _atext
_btxt
_2rdacontent
337 _aunmediated
_bn
_2rdamedia
338 _avolume
_bnc
_2rdacarrier
650 4 _aالحجامة- الطب الشعبي
_97142
999 _aA128
_c3696
_d3696